000 00549nam a2200193Ia 4500
005 20250508165701.0
008 008 250505s9999 xx 000 0 eng d
037 _aTextual
040 _aFEDL
_beng
_cFEDL
041 _aeng
_2eng
084 _a540, NCE
_qFEDL
245 0 _aChemistry : a textbook for class XII
245 0 _cNational council of educational research and training (India)
260 _aDelhi, India
_bNCERT
_c1995
300 _a396p
365 _aINR
_b15
942 _cTEXL
_h540, NCE
999 _c1396731
_d1396731